000 00632nam a2200253Ia 4500
008 171120s9999 xx 000 0 und d
020 _a9.7881291194e+012
050 _a102
050 _bM233 2012
100 _aMajaram, M.
245 _aFood for thought :
245 _ba book of inspiring quotes /
245 _cby M. Rajaram.
260 _aNew Delhi :
260 _bRupa Publications India Pvt. Ltd.,
260 _c2012
300 _a130 pages :
300 _billustrations ;
300 _c19cm.
650 _aPhilosophy --
650 _aPhilosophy.
650 _xQuotation, maxims, etc.
700 _aTitle.
999 _c345206
_d345206